|
|
|
|
| LEADER |
00000nab a2200000 ar4500 |
| 001 |
vtls008412591 |
| 003 |
SK-MaSNL |
| 005 |
20260305011055.0 |
| 008 |
160314c2005 xo mr|p|||||||000 b|slo |
| 015 |
|
|
|a SNBRB2005/11
|2 snkbucl
|
| 038 |
|
|
|a SNKBUCL
|
| 040 |
|
|
|a SNKBUCL
|b slo
|c SNKBUCL
|e AACR2
|
| 041 |
0 |
|
|a slo
|
| 044 |
|
|
|a xo
|c SK
|
| 080 |
|
|
|a 82.09:821.411.16-1
|x (048)
|2 UDC-MRF-SK2
|
| 080 |
|
|
|a 821.411.16-1
|x (048)
|2 UDC-MRF-SK2
|
| 100 |
1 |
|
|a Farkašová, Etela,
|d 1943-
|4 aut
|9 100186
|
| 245 |
1 |
0 |
|a Terezínske návraty
|c Etela Farkašová
|
| 650 |
0 |
7 |
|a hebrejská poézia
|2 snkbucl
|9 112654
|
| 655 |
|
7 |
|a recenzie
|2 snkbucl
|9 21907
|
| 773 |
0 |
|
|t Knižná revue
|g Roč. XV, č. 18 (2005), s. 5
|x 1210-1982
|
| 787 |
0 |
8 |
|i Rec.:
|a Meisels, Vera
|t Moje vytrhnuté korene
|d SNM - Múzeum židovskej kultúry, 2005
|z 8080601534
|
| 852 |
|
|
|a SNK
|b KIS3GCP
|
| 958 |
|
|
|a IL
|
| 958 |
|
|
|a LX
|
| 958 |
|
|
|a RC
|
| 999 |
|
|
|c 3250579
|d 3252509
|